Acta Mechanica Slovaca journal published by Faculty of Mechanical Engineering
| Format: | Journal |
|---|---|
| Language: | English Slovak Czech German |
| PhysicalDescription: | zv. ilustr. 25 cm Online vydanie: Acta Mechanica Slovaca (Online) ISSN 1339-3073 |
| Published: |
Košice
Faculty of Mechanical Engineering, Technical University of Košice
1997-
|
| ISSN: | 1335-2393 |
| Subjects: | |
| Online Access: | https://www.actamechanica.sk/ |
MARC
| LEADER | 00000cas a2200000 a 4500 | ||
|---|---|---|---|
| 001 | vtls008412730 | ||
| 003 | SK-MaSNL | ||
| 005 | 20260228161035.0 | ||
| 008 | 051130c19979999xo qr pe 0 b0eng | ||
| 022 | |a 1335-2393 | ||
| 035 | |a (SVKBB03)vtls000037649 | ||
| 040 | |a SVKPO |b slo |c SVKPO |d SNK |d SVKBB |e AACR2 | ||
| 041 | 0 | |a slo |a eng |a cze |a ger |b eng |b slo |b cze | |
| 072 | 7 | |a 531 |x Všeobecná mechanika. Mechanika pevných a tuhých telies |2 konspekt | |
| 072 | 7 | |a 621 |x Strojárstvo |2 konspekt | |
| 080 | |a 621.8 |2 2001 | ||
| 080 | |a 621.7/.9 |2 2011 | ||
| 080 | |a 531/534 |2 2011 | ||
| 080 | |a 050 |2 2011 | ||
| 080 | |a (051)-027.561 |2 2011 | ||
| 210 | 0 | |a Acta Mech. Slovaca |b (Košice. Tlačené vyd.) | |
| 222 | 0 | |a Acta Mechanica Slovaca |b (Košice. Tlačené vydanie) | |
| 245 | 0 | 0 | |a Acta Mechanica Slovaca |b journal published by Faculty of Mechanical Engineering |
| 260 | |a Košice |b Faculty of Mechanical Engineering, Technical University of Košice |c 1997- | ||
| 300 | |a zv. |b ilustr. |c 25 cm | ||
| 310 | |a 4x ročne | ||
| 362 | 0 | |a Vol. 1, No. 1 (1997)- | |
| 500 | |a Reg. č.: MK SR 1668/97 ; 3435/09 | ||
| 500 | |a Od r. 2009 vychádza v angl. verzii | ||
| 500 | |a Podnázov: journal published by Faculty of Mechanical Engineering | ||
| 500 | |a Predošlý podnázov: časopis Strojníckej fakulty Technickej univerzity v Košiciach | ||
| 504 | |a Bibliogr. odkazy | ||
| 530 | |a Online vydanie: Acta Mechanica Slovaca (Online) ISSN 1339-3073 | ||
| 546 | |a Text slov., angl., čes., nem. ; Res. v angličtine, slovenčine alebo češtine | ||
| 650 | 0 | 7 | |a strojárska technológia |2 SNKPH |9 65980 |
| 650 | 0 | 7 | |a strojníctvo |2 SNKPH |9 29325 |
| 650 | 0 | 7 | |a mechanika |2 SNKPH |9 706 |
| 655 | 7 | |a odborné časopisy |2 SNKPH |9 70505 | |
| 710 | 2 | |a Technická univerzita v Košiciach. |b Strojnícka fakulta |4 pbl |9 178287 | |
| 852 | |a Štátna vedecká knižnica v Banskej Bystrici | ||
| 852 | |a Štátna vedecká knižnica v Prešove | ||
| 856 | 4 | 1 | |u https://www.actamechanica.sk/ |
| 910 | |a snk | ||
| 916 | |a 1997-2011, 2014, 2016-2018, 2019-2022 | ||
| 999 | |c 4155 |d 6085 | ||
| 952 | |t č. 1-4 |a SNK |b SNK |y PREZ |7 0 |p 17A1521434 |o snkČSC 3384/23/2019 D1 |i snk2023/12794 |8 0 |0 0 |1 0 |4 0 |d 2023-09-05 |l 0 |r 2026-02-21 19:48:49 |w 2026-02-21 | ||
| 952 | |t č. 1-4 |a SNK |b SNK |y PREZ |7 0 |p 17A1521435 |o snkČSC 3384/24/2020 D1 |i snk2023/12795 |8 0 |0 0 |1 0 |4 0 |d 2023-09-05 |l 0 |r 2026-02-21 19:48:49 |w 2026-02-21 | ||
| 952 | |t č. 1-4 |a SNK |b SNK |y PREZ |7 0 |p 17A1521436 |o snkČSC 3384/25/2021 |i snk2023/12797 |8 0 |0 0 |1 0 |4 0 |d 2023-09-05 |l 0 |r 2026-02-21 19:48:49 |w 2026-02-21 | ||
| 952 | |t č. 1-4 |a SNK |b SNK |y PREZ |7 0 |p 17A1521437 |o snkČSC 3384/25/2021 D1 |i snk2023/12798 |8 0 |0 0 |1 0 |4 0 |d 2023-09-05 |l 0 |r 2026-02-21 19:48:49 |w 2026-02-21 | ||
| 952 | |t č. 1-4 |a SNK |b SNK |y PREZ |7 0 |p 17A1523711 |o snkČSC 3384/26/2022 |i snk2024/10421 |8 0 |0 0 |1 0 |4 0 |d 2024-07-03 |l 0 |r 2026-02-21 19:58:13 |w 2026-02-21 | ||
| 952 | |t č. 1-4 |a SNK |b SNK |y PREZ |7 0 |p 17A0524279 |o snkČSC 3384/4/2000 |i snk2006/21487 |8 0 |f 1 |0 0 |1 0 |4 0 |d 2006-10-20 |l 0 |r 2026-02-21 20:08:39 |w 2026-02-21 | ||
| 952 | |t č. 1-4 |a SNK |b SNK |c SNK_KF |y PREZ |7 0 |p 17A1558517 |o snkČSC 3384/26/2022 D1 |i snk2025/19173 |8 0 |0 0 |1 0 |4 0 |d 2025-11-26 |l 0 |r 2026-02-21 20:09:40 |w 2026-02-21 | ||
| 952 | |t č. 1-4 |a SNK |b SNK |y PREZ |7 3 |p 17A1558519 |o snkČSC 3384/27/2023 |i snk2025/19177 |8 0 |0 0 |1 0 |4 0 |d 2025-11-26 |l 0 |r 2026-02-21 20:09:50 |w 2026-02-21 | ||
| 952 | |t č. 1-4 |a SNK |b SNK |y PREZ |7 3 |p 17A1558518 |o snkČSC 3384/28/2024 |i snk2025/19178 |8 0 |0 0 |1 0 |4 0 |d 2025-11-26 |l 0 |r 2026-02-21 20:09:50 |w 2026-02-21 | ||
| 952 | |t č.1-3, neúplné |a SNK |b SNK |y PREZ |7 0 |p 17A0524280 |o snkČSC 3384/4/2000 D1 |i snk2006/21488 |8 0 |z Chýba č. 4 |0 0 |1 0 |4 0 |d 2006-10-20 |l 0 |r 2026-02-21 20:28:59 |w 2026-02-21 | ||
| 952 | |t č. 1-4 |a SNK |b SNK |y PREZ |7 0 |p 17A1462563 |o snkČSC 3384/23/2019 |i snk2022/5247 |8 0 |0 0 |1 0 |4 0 |d 2022-04-06 |l 0 |r 2026-02-21 20:33:29 |w 2026-02-21 | ||
| 952 | |t č. 1-4 |a SNK |b SNK |y PREZ |7 0 |p 17A1462564 |o snkČSC 3384/24/2020 |i snk2022/5248 |8 0 |0 0 |1 0 |4 0 |d 2022-04-06 |l 0 |r 2026-02-21 20:33:29 |w 2026-02-21 | ||
| 952 | |t č. 1-4, úplný |a SNK |b SNK |y PREZ |7 0 |p 17A0560408 |o snkČSC 3384/6/2002 D1 |i snkČSP 2004/2458 |0 0 |1 0 |4 0 |d 2007-09-18 |l 0 |r 2026-02-21 21:11:54 |w 2026-02-21 | ||
| 952 | |t č. 1-4, úplné |a SNK |b SNK |y PREZ |7 0 |p 17A0560536 |o snkČSC 3384/6/2002 |i snk2004/2457 |8 0 |f 1 |3 rekatalogizácia |0 0 |1 0 |4 0 |d 2007-09-19 |l 0 |r 2026-02-21 21:11:56 |w 2026-02-21 | ||
| 952 | |t č. 1-4, neúpl. |a SNK |b SNK |y PREZ |7 0 |p 17A1086488 |o snkČSC 3384/7/2003 |i snk2013/26427 |8 0 |z chýba č. 3 |f 1 |0 0 |1 0 |4 0 |d 2013-10-31 |l 0 |r 2026-02-21 21:43:05 |w 2026-02-21 | ||
| 952 | |t č. 1-4, neúpl. |a SNK |b SNK |y PREZ |7 0 |p 17A1086489 |o snkČSC 3384/7/2003 D1 |i snk2013/26428 |8 0 |z chýba č. 3 |0 0 |1 0 |4 0 |d 2013-10-31 |l 0 |r 2026-02-21 21:43:05 |w 2026-02-21 | ||
| 952 | |t č. 1, 2A-2B |a SNK |b SNK |y PREZ |7 0 |p 17A1086490 |o snkČSC 3384/8/2004/1 |i snk2013/26429 |8 0 |f 1 |0 0 |1 0 |4 0 |d 2013-10-31 |l 0 |r 2026-02-21 21:43:05 |w 2026-02-21 | ||
| 952 | |t č. 3A |a SNK |b SNK |y PREZ |7 0 |p 17A1086491 |o snkČSC 3384/8/2004/2 |i snk2013/26430 |8 0 |f 1 |0 0 |1 0 |4 0 |d 2013-10-31 |l 0 |r 2026-02-21 21:43:05 |w 2026-02-21 | ||
| 952 | |t č. 3B-4 |a SNK |b SNK |y PREZ |7 0 |p 17A1086492 |o snkČSC 3384/8/2004/3 |i snk2013/26431 |8 0 |f 1 |0 0 |1 0 |4 0 |d 2013-10-31 |l 0 |r 2026-02-21 21:43:05 |w 2026-02-21 | ||
| 952 | |t č. 1, 2A-2B |a SNK |b SNK |y PREZ |7 0 |p 17A1086493 |o snkČSC 3384/8/2004/1/D1 |i snk2013/26432 |8 0 |0 0 |1 0 |4 0 |d 2013-10-31 |l 0 |r 2026-02-21 21:43:05 |w 2026-02-21 | ||
| 952 | |t č. 3A |a SNK |b SNK |y PREZ |7 0 |p 17A1086494 |o snkČSC 3384/8/2004/2 D1 |i snk2013/26435 |8 0 |0 0 |1 0 |4 0 |d 2013-10-31 |l 0 |r 2026-02-21 21:43:05 |w 2026-02-21 | ||
| 952 | |t č. 3B-4 |a SNK |b SNK |y PREZ |7 0 |p 17A1086495 |o snkČSC 3384/8/2004/3 D1 |i snk2013/26437 |8 0 |0 0 |1 0 |4 0 |d 2013-10-31 |l 0 |r 2026-02-21 21:43:05 |w 2026-02-21 | ||
| 952 | |t č. 1, 2A-2B |a SNK |b SNK |y PREZ |7 0 |p 17A1086496 |o snkČSC 3384/9/2005/1 |i snk2013/26439 |8 0 |f 1 |0 0 |1 0 |4 0 |d 2013-10-31 |l 0 |r 2026-02-21 21:43:05 |w 2026-02-21 | ||
| 952 | |t č. 3A, 3B-4 |a SNK |b SNK |y PREZ |7 0 |p 17A1086497 |o snkČSC 3384/9/2005/2 |i snk2013/26440 |8 0 |f 1 |0 0 |1 0 |4 0 |d 2013-10-31 |l 0 |r 2026-02-21 21:43:05 |w 2026-02-21 | ||
| 952 | |t č. 1, 2A-2B |a SNK |b SNK |y PREZ |7 0 |p 17A1086498 |o snkČSC 3384/9/2005/1 D1 |i snk2013/26443 |8 0 |0 0 |1 0 |4 0 |d 2013-10-31 |l 0 |r 2026-02-21 21:43:05 |w 2026-02-21 | ||
| 952 | |t č. 3A, 3B-4 |a SNK |b SNK |y PREZ |7 0 |p 17A1086499 |o snkČSC 3384/9/2005/2 D1 |i snk2013/26446 |8 0 |0 0 |1 0 |4 0 |d 2013-10-31 |l 0 |r 2026-02-21 21:43:05 |w 2026-02-21 | ||
| 952 | |t č. 1-2A, neúpl. |a SNK |b SNK |y PREZ |7 0 |p 17A1086500 |o snkČSC 3384/10/2006/1 |i snk2013/26465 |8 0 |z chýba č. 1 |f 1 |0 0 |1 0 |4 0 |d 2013-10-31 |l 0 |r 2026-02-21 21:43:05 |w 2026-02-21 | ||
| 952 | |t č. 2B |a SNK |b SNK |y PREZ |7 0 |p 17A1086501 |o snkČSC 3384/10/2006/2 |i snk2013/26474 |8 0 |f 1 |0 0 |1 0 |4 0 |d 2013-10-31 |l 0 |r 2026-02-21 21:43:05 |w 2026-02-21 | ||
| 952 | |t č. 3, 4A-4B |a SNK |b SNK |y PREZ |7 0 |p 17A1086502 |o snkČSC 3384/10/2006/3 |i snk2013/26478 |8 0 |f 1 |0 0 |1 0 |4 0 |d 2013-10-31 |l 0 |r 2026-02-21 21:43:05 |w 2026-02-21 | ||
| 952 | |t č. 1-2A, neúpl. |a SNK |b SNK |y PREZ |7 0 |p 17A1086503 |o snkČSC 3384/10/2006/1 D1 |i snk2013/26479 |8 0 |z chýba č. 1 |0 0 |1 0 |4 0 |d 2013-10-31 |l 0 |r 2026-02-21 21:43:13 |w 2026-02-21 | ||
| 952 | |t č. 2B |a SNK |b SNK |y PREZ |7 0 |p 17A1086504 |o snkČSC 3384/10/2006/2 D1 |i snk2013/26481 |8 0 |0 0 |1 0 |4 0 |d 2013-10-31 |l 0 |r 2026-02-21 21:43:13 |w 2026-02-21 | ||
| 952 | |t č. 3, 4A-4B |a SNK |b SNK |y PREZ |7 0 |p 17A1086505 |o snkČSC 3384/10/2006/3 D1 |i snk2013/26482 |8 0 |0 0 |1 0 |4 0 |d 2013-10-31 |l 0 |r 2026-02-21 21:43:13 |w 2026-02-21 | ||
| 952 | |t č. 1A-3 |a SNK |b SNK |y PREZ |7 0 |p 17A1086506 |o snkČSC 3384/11/2007/1 |i snk2013/26503 |8 0 |f 1 |0 0 |1 0 |4 0 |d 2013-10-31 |l 0 |r 2026-02-21 21:43:13 |w 2026-02-21 | ||
| 952 | |t č. 4A-4C, neúpl. |a SNK |b SNK |y PREZ |7 0 |p 17A1086507 |o snkČSC 3384/11/2007/2 |i snk2013/26541 |8 0 |z chýba č. 4B |f 1 |0 0 |1 0 |4 0 |d 2013-10-31 |l 0 |r 2026-02-21 21:43:13 |w 2026-02-21 | ||
| 952 | |t č. 4D |a SNK |b SNK |y PREZ |7 0 |p 17A1086508 |o snkČSC 3384/11/2007/3 |i snk2013/26542 |8 0 |f 1 |0 0 |1 0 |4 0 |d 2013-10-31 |l 0 |r 2026-02-21 21:43:13 |w 2026-02-21 | ||
| 952 | |t č. 1A, 3, neúpl. |a SNK |b SNK |y PREZ |7 0 |p 17A1086509 |o snkČSC 3384/11/2007/1 D1 |i snk2013/26544 |8 0 |z chýba č. 2A, |0 0 |1 0 |4 0 |d 2013-10-31 |l 0 |r 2026-02-21 21:43:13 |w 2026-02-21 | ||
| 952 | |t č. 1A |a SNK |b SNK |y PREZ |7 0 |p 17A1086510 |o snkČSC 3384/12/2008/1 |i snk2013/26548 |8 0 |f 1 |0 0 |1 0 |4 0 |d 2013-10-31 |l 0 |r 2026-02-21 21:43:13 |w 2026-02-21 | ||
| 952 | |t č. 2A |a SNK |b SNK |y PREZ |7 0 |p 17A1086511 |o snkČSC 3384/12/2008/2 |i snk2013/26551 |8 0 |f 1 |0 0 |1 0 |4 0 |d 2013-10-31 |l 0 |r 2026-02-21 21:43:13 |w 2026-02-21 | ||
| 952 | |t č. 1-2 |a SNK |b SNK |y PREZ |7 0 |p 17A0867334 |o snkČSC 3384/1/1997 |i snkČSP 2455/2004 |f 1 |0 0 |1 0 |4 0 |d 2013-11-05 |l 0 |r 2026-02-21 21:43:16 |w 2026-02-21 | ||
| 952 | |t č. 1-3 |a SNK |b SNK |y PREZ |7 0 |p 17A0867335 |o snkČSC 3384/2/1998 |i snkČSP 2459/2004 |f 1 |0 0 |1 0 |4 0 |d 2013-11-05 |l 0 |r 2026-02-21 21:43:16 |w 2026-02-21 | ||
| 952 | |t č. 1-4 |a SNK |b SNK |y PREZ |7 0 |p 17A0867336 |o snkČSC 3384/3/1999 |i snkČSP 2453/2004 |f 1 |0 0 |1 0 |4 0 |d 2013-11-05 |l 0 |r 2026-02-21 21:43:16 |w 2026-02-21 | ||
| 952 | |t č. 3A |a SNK |b SNK |y PREZ |7 0 |p 17A1086512 |o snkČSC 3384/12/2008/3 |i snk2013/26554 |8 0 |f 1 |0 0 |1 0 |4 0 |d 2013-10-31 |l 0 |r 2026-02-21 21:43:17 |w 2026-02-21 | ||
| 952 | |t č. 3B |a SNK |b SNK |y PREZ |7 0 |p 17A1086513 |o snkČSC 3384/12/2008/4 |i snk2013/26557 |8 0 |f 1 |0 0 |1 0 |4 0 |d 2013-10-31 |l 0 |r 2026-02-21 21:43:17 |w 2026-02-21 | ||
| 952 | |t č. 3C |a SNK |b SNK |y PREZ |7 0 |p 17A1086514 |o snkČSC 3384/12/2008/5 |i snk2013/26560 |8 0 |f 1 |0 0 |1 0 |4 0 |d 2013-10-31 |l 0 |r 2026-02-21 21:43:17 |w 2026-02-21 | ||
| 952 | |t č. 4-4A,4B |a SNK |b SNK |y PREZ |7 0 |p 17A1086515 |o snkČSC 3384/12/2008/6 |i snk2013/26562 |8 0 |f 1 |0 0 |1 0 |4 0 |d 2013-10-31 |l 0 |r 2026-02-21 21:43:17 |w 2026-02-21 | ||
| 952 | |t č. 1A |a SNK |b SNK |y PREZ |7 0 |p 17A1086516 |o snkČSC 3384/12/2008/1 D1 |i snk2013/26564 |8 0 |0 0 |1 0 |4 0 |d 2013-10-31 |l 0 |r 2026-02-21 21:43:17 |w 2026-02-21 | ||
| 952 | |t č. 3B |a SNK |b SNK |y PREZ |7 0 |p 17A1086517 |o snkČSC 3384/12/2008/4 D1 |i snk2013/26565 |8 0 |z chýba č. 3A, 3C |0 0 |1 0 |4 0 |d 2013-10-31 |l 0 |r 2026-02-21 21:43:17 |w 2026-02-21 | ||
| 952 | |t č. 4, neúpl. |a SNK |b SNK |y PREZ |7 0 |p 17A1086518 |o snkČSC 3384/12/2008/6 D1 |i snk2013/26566 |8 0 |z chýba č. 4A, 4B |0 0 |1 0 |4 0 |d 2013-10-31 |l 0 |r 2026-02-21 21:43:17 |w 2026-02-21 | ||
| 952 | |t č. 1-4 |a SNK |b SNK |y PREZ |7 0 |p 17A1086519 |o snkČSC 3384/13/2009 |i snk2013/26567 |8 0 |f 1 |0 0 |1 0 |4 0 |d 2013-10-31 |l 0 |r 2026-02-21 21:43:17 |w 2026-02-21 | ||
| 952 | |t č. 1-4, neúpl. |a SNK |b SNK |y PREZ |7 0 |p 17A1086520 |o snkČSC 3384/14/2010 |i snk2013/26568 |8 0 |z chýba č. 3 |f 1 |0 0 |1 0 |4 0 |d 2013-10-31 |l 0 |r 2026-02-21 21:43:17 |w 2026-02-21 | ||
| 952 | |t č. 1-4, neúpl. |a SNK |b SNK |y PREZ |7 0 |p 17A1086521 |o snkČSC 3384/14/2010 D1 |i snk2013/26569 |8 0 |z chýba č. 1 a 3 |0 0 |1 0 |4 0 |d 2013-10-31 |l 0 |r 2026-02-21 21:43:17 |w 2026-02-21 | ||
| 952 | |t č. 1-4 |a SNK |b SNK |y PREZ |7 0 |p 17A1086522 |o snkČSC 3384/15/2011 |i snk2013/26579 |8 0 |f 1 |0 0 |1 0 |4 0 |d 2013-10-31 |l 0 |r 2026-02-21 21:43:17 |w 2026-02-21 | ||
| 952 | |t č. 1-4 |a SNK |b SNK |y PREZ |7 0 |p 17A1086523 |o snkČSC 3384/15/2011 D1 |i snk2013/26582 |8 0 |0 0 |1 0 |4 0 |d 2013-10-31 |l 0 |r 2026-02-21 21:43:17 |w 2026-02-21 | ||
| 952 | |t č. 4A-4C, neúpl. |a SNK |b SNK |y PREZ |7 0 |p 17A1086524 |o snkČSC 3384/11/2007/2 D1 |i snk2013/26590 |8 0 |z chýba č. 4A, 4B |0 0 |1 0 |4 0 |d 2013-10-31 |l 0 |r 2026-02-21 21:43:17 |w 2026-02-21 | ||
| 952 | |t č. 1-4 |a SNK |b SNK |y PREZ |7 0 |p 17A1029440 |o snkČSC 3384/5/2001 |i snkČSP 2581/2004 |f 1 |0 0 |1 0 |4 0 |d 2013-11-13 |l 0 |r 2026-02-21 21:43:53 |w 2026-02-21 | ||
| 952 | |t č. 1-4 |a SNK |b SNK |y PREZ |7 0 |p 17A1144750 |o snkČSC 3384/18/2014 |i snk2015/19578 |8 0 |f 1 |0 0 |1 0 |4 0 |d 2015-06-24 |l 0 |r 2026-02-21 21:46:10 |w 2026-02-21 | ||
| 952 | |t č. 1-4 |a SNK |b SNK |y PREZ |7 0 |p 17A1144749 |o snkČSC 3384/18/2014 D1 |i snk2015/19582 |8 0 |0 0 |1 0 |4 0 |d 2015-06-24 |l 0 |r 2026-02-21 21:46:10 |w 2026-02-21 | ||
| 952 | |t č. 1-4 |a SNK |b SNK |y PREZ |7 0 |p 17A1432360 |o snkČSC 3384/20/2016 |i snk2020/17765 |8 0 |f 1 |0 0 |1 0 |4 0 |d 2020-10-02 |l 0 |r 2026-02-21 22:16:11 |w 2026-02-21 | ||
| 952 | |t č. 1-4 |a SNK |b SNK |y PREZ |7 0 |p 17A1432359 |o snkČSC 3384/21/2017 |i snk2020/17766 |8 0 |f 1 |0 0 |1 0 |4 0 |d 2020-10-02 |l 0 |r 2026-02-21 22:16:11 |w 2026-02-21 | ||
| 952 | |t č. 1-4 |a SNK |b SNK |y PREZ |7 0 |p 17A1432358 |o snkČSC 3384/22/2018 |i snk2020/17767 |8 0 |f 1 |0 0 |1 0 |4 0 |d 2020-10-02 |l 0 |r 2026-02-21 22:16:11 |w 2026-02-21 | ||
| 952 | |t č. 1-4 |a SNK |b SNK |y PREZ |7 0 |p 17A1432357 |o snkČSC 3384/20/2016 D1 |i snk2020/17768 |8 0 |0 0 |1 0 |4 0 |d 2020-10-02 |l 0 |r 2026-02-21 22:16:11 |w 2026-02-21 | ||
| 952 | |t č. 1-4 |a SNK |b SNK |y PREZ |7 0 |p 17A1432356 |o snkČSC 3384/21/2017 D1 |i snk2020/17769 |8 0 |0 0 |1 0 |4 0 |d 2020-10-02 |l 0 |r 2026-02-21 22:16:11 |w 2026-02-21 | ||
| 952 | |t č. 1-4 |a SNK |b SNK |y PREZ |7 0 |p 17A1432355 |o snkČSC 3384/22/2018 D1 |i snk2020/17770 |8 0 |0 0 |1 0 |4 0 |d 2020-10-02 |l 0 |r 2026-02-21 22:16:11 |w 2026-02-21 | ||


